Statistiques concernant Autoportraits n°1

Cliquez ici pour prendre le quiz!

Statistiques générales

  • Ce quiz a été pris 87 fois
  • Le résultat moyen est 4 sur 15

Statistiques - réponses

Réponse% Correct
Vincent van Gogh
100%
Eugène Delacroix
42%
Raphaël
35%
Henri Rousseau
29%
Claude Monet
28%
Diego Vélasquez
27%
Pierre Paul Rubens
24%
Sandro Botticelli
24%
Berthe Morisot
23%
Egon Schiele
23%
Marc Chagall
22%
Jan van Eyck
18%
Nicolas Poussin
14%
Joseph Mallord William Turner
13%
Kasimir Malevitch
4%

Distribution des résultats

Percentile par nombre de réponses

% des personnes avec chaque résultat

Votre développement - résultats

Vous n’avez pas pris ce quiz